Dune Books - Statistics

General Stats
  • This quiz has been taken 224 times
  • The average score is 9 of 22
Answer Stats
Answer % Correct
Dune
99%
Children of Dune
92%
Dune Messiah
92%
God Emperor of Dune
83%
Chapterhouse: Dune
71%
Heretics of Dune
71%
Sandworms of Dune
46%
House Atreides
45%
House Harkonnen
45%
House Corrino
42%
The Butlerian Jihad
36%
Paul of Dune
28%
Hunters of Dune
25%
Mentats of Dune
25%
The Duke of Caladan
20%
Sisterhood of Dune
19%
The Lady of Caladan
18%
The Winds of Dune
18%
The Battle of Corrin
17%
The Machine Crusade
17%
Navigators of Dune
16%
The Heir of Caladan
13%
No matching quizzes found
Score Distribution
Percent of People with Each Score
Percentile by Number Answered
Your Score History
You have not taken this quiz